| 000 | 00000nam##2200000za#4500 |
| 001 | 9.599581 |
| 003 | CaOODSP |
| 005 | 20240501092931 |
| 007 | cr ||||||||||| |
| 008 | 150406|2000||||xxc|||||o f|0| 0 fre|d |
| 040 | |aCaOODSP|bfre |
| 043 | |an-cn--- |
| 086 | 1 |aPS83-3/90F-PDF |
| 110 | 2 |aService correctionnel Canada. |
| 245 | 13|aLe domaine de l'emploi dans la détermination des besoins / |h[ressource électronique]|cpar Paul Gendreau, Claire Goggin, et Glenn Gray. |
| 260 | |bService correctionnel Canada |cJuin 2000. |
| 300 | |a38p.|bréférences, tableaux |
| 490 | 1 |aRapport de recherche|v[R-90] |
| 590 | |a10-12-Supp|b2010-11-18 |
| 720 | 1 |aGoggin, Claire |
| 720 | 1 |aGendreau, Paul |
| 720 | 1 |aGray, Glenn |
| 775 | 08|tCase needs review : |w(CaOODSP)9.568291 |
| 830 | #0|aRapport de recherche (Service correctionnel Canada. Direction de la recherche)|v[R-90]|w(CaOODSP)9.502465 |
| 856 | 40|ahttp://publications.gc.ca|qPDF|s87 Ko|uhttps://publications.gc.ca/collections/collection_2010/scc-csc/PS83-3-90-fra.pdf|y[R-90] |